[Event "HUN-chT2 Barcza 1718"]
[Site "Hungary"]
[Date "2018.03.25"]
[Round "10.7"]
[White "Karacsony, Zsolt"]
[Black "Mozer, Sandor"]
[Result "0-1"]
[WhiteElo "2060"]
[BlackElo "2031"]
[PlyCount "72"]
[EventDate "2017.09.24"]
[EventType "team-tourn"]
[EventRounds "11"]
[EventCountry "HUN"]
[SourceTitle "EXT 2021"]
[Source "ChessBase"]
[SourceDate "2020.10.23"]
[SourceVersion "1"]
[SourceVersionDate "2020.10.23"]
[SourceQuality "1"]
[WhiteTeam "Szirmabesenyo"]
[BlackTeam "Nyiregyhaza SISE"]
[WhiteTeamCountry "HUN"]
[BlackTeamCountry "HUN"]

1. e4 d6 2. d4 Nf6 3. Nc3 g6 4. Nf3 Bg7 5. Bb5+ c6 6. Bd3 0-0 7. Bg5 Qc7 8. 0-0 e5 9. h3 Nbd7 10. dxe5 dxe5 11. Be3 Rd8 12. Qe2 Nf8 13. Ng5 h6 14. Nf3 Ne6 15. Nh2 Nh5 16. Ng4 Nhf4 17. Bxf4 Nxf4 18. Qf3 h5 19. Nh2 Be6 20. Rfd1 Rd6 21. Be2 Rad8 22. Rxd6 Rxd6 23. Rd1 Rxd1+ 24. Bxd1 Qb6 25. b3 Bf8 26. Nf1 Qd4 27. Qe3 Qb4 28. a4 Bc5 29. Qd2 Qb6 30. Ne3 Bb4 31. Bf3 Qd4 32. Qxd4 exd4 33. Na2 dxe3 34. Nxb4 e2 35. Bxe2 Nxe2+ 36. Kf1 Nd4 0-1

[Event "HUN-chT2 Barcza 1516"]
[Site "Hungary"]
[Date "2015.11.29"]
[Round "5.4"]
[White "Maliar, Anatoliy"]
[Black "Mozer, Sandor"]
[Result "1-0"]
[WhiteElo "2173"]
[BlackElo "2021"]
[PlyCount "101"]
[EventDate "2015.09.13"]
[EventType "team-tourn"]
[EventRounds "11"]
[EventCountry "HUN"]
[SourceTitle "CBM 170 Extra"]
[Source "ChessBase"]
[SourceDate "2016.02.25"]
[SourceVersion "1"]
[SourceVersionDate "2016.02.25"]
[SourceQuality "1"]
[WhiteTeam "Kazincbarcika"]
[BlackTeam "Nyiregyhaza"]
[WhiteTeamCountry "HUN"]
[BlackTeamCountry "HUN"]

1. Nf3 Nf6 2. g3 d6 3. Bg2 e5 4. c4 Be7 5. Nc3 0-0 6. 0-0 c5 7. h3 Nc6 8. e3 Rb8 9. d4 Bd7 10. Nd5 Re8 11. Nxe7+ Qxe7 12. b3 a6 13. d5 Na7 14. a4 b6 15. Nd2 Rb7 16. e4 b5 17. axb5 axb5 18. f4 Reb8 19. f5 Be8 20. g4 Nd7 21. Nf3 f6 22. Be3 bxc4 23. bxc4 Nc8 24. Nd2 Rb4 25. h4 Ndb6 26. Qe2 Nxc4 27. Nxc4 Bb5 28. Rfb1 Bxc4 29. Rxb4 Rxb4 30. Qc2 Qc7 31. g5 Nb6 32. gxf6 gxf6 33. Bh6 Bb3 34. Qe2 Ra4 35. Qg4+ Kh8 36. Rb1 c4 37. h5 Qf7 38. Bf1 Ra8 39. Kh2 Qa7 40. Ra1 Na4 41. Qh4 Qf7 42. Be2 Rc8 43. Rg1 Rg8 44. Ra1 Qe7 45. Bxc4 Bxc4 46. Rxa4 Be2 47. Ra7 Qd8 48. Rf7 Rg4 49. Qxf6+ Qxf6 50. Rxf6 Rg8 51. Rxd6 1-0

[Event "HUN-chT2 Barcza 1516"]
[Site "Hungary"]
[Date "2015.10.04"]
[Round "2.6"]
[White "Mozer, Sandor"]
[Black "Horvath, Peter"]
[Result "1-0"]
[WhiteElo "2021"]
[BlackElo "1873"]
[PlyCount "69"]
[EventDate "2015.09.13"]
[EventType "team-tourn"]
[EventRounds "11"]
[EventCountry "HUN"]
[SourceTitle "CBM 170 Extra"]
[Source "ChessBase"]
[SourceDate "2016.02.25"]
[SourceVersion "1"]
[SourceVersionDate "2016.02.25"]
[SourceQuality "1"]
[WhiteTeam "Nyiregyhaza"]
[BlackTeam "SSASSE"]
[WhiteTeamCountry "HUN"]
[BlackTeamCountry "HUN"]

1. Nf3 c5 2. g3 d5 3. Bg2 Nc6 4. 0-0 Nf6 5. d3 Bg4 6. Nbd2 e6 7. e4 Be7 8. Re1 0-0 9. exd5 Nxd5 10. c3 Qc7 11. Qa4 Bf5 12. Ne4 Rad8 13. Bd2 e5 14. Rad1 Bd7 15. Qb3 Be6 16. Neg5 Nf4 17. Nxe6 Nxe6 18. Be3 a6 19. Bh3 Na5 20. Qa4 b5 21. Qe4 Nc6 22. Bxe6 fxe6 23. Bg5 Bf6 24. Bxf6 gxf6 25. Qg4+ Kf7 26. Qh5+ Kg8 27. Qg4+ Kf7 28. Re4 Rh8 29. Qh5+ Ke7 30. Rg4 Kd6 31. Qh6 Rdf8 32. d4 exd4 33. cxd4 cxd4 34. Nxd4 Kc5 35. Nxe6+ 1-0

[Event "HUN-chT2 Barcza 1415"]
[Site "Hungary"]
[Date "2014.10.12"]
[Round "?"]
[White "Hardicsay, Peter"]
[Black "Mozer, Sandor"]
[Result "1-0"]
[WhiteElo "2253"]
[BlackElo "2021"]
[PlyCount "95"]
[EventDate "2014.09.07"]
[EventType "team-tourn"]
[EventRounds "11"]
[EventCountry "HUN"]
[SourceTitle "EXT 2016"]
[Source "ChessBase"]
[SourceDate "2015.10.08"]
[SourceVersion "1"]
[SourceVersionDate "2015.10.08"]
[SourceQuality "1"]
[WhiteTeam "Miskolc Sakkiskola"]
[BlackTeam "Nyiregyhaza"]
[WhiteTeamCountry "HUN"]
[BlackTeamCountry "HUN"]

1. c4 Nf6 2. Nc3 g6 3. e4 d6 4. d4 Bg7 5. f3 0-0 6. Be3 c5 7. Nge2 Nc6 8. Qd2 Qa5 9. 0-0-0 a6 10. Kb1 b5 11. dxc5 dxc5 12. Nc1 bxc4 13. Bxc4 Ne5 14. Nb3 Qb4 15. Be2 c4 16. Bc5 Qb7 17. Na5 Qc7 18. Bb4 Be6 19. a3 Rfd8 20. Qe3 Bf8 21. g4 Nd3 22. Bxd3 cxd3 23. Rxd3 Rxd3 24. Qxd3 Rd8 25. Qe2 Bh6 26. h4 Rd2 27. Qxa6 Bf4 28. Nc6 Be5 29. Rc1 Kg7 30. g5 Nd7 31. Nxe7 Nb8 32. Qa5 Ba2+ 33. Ka1 Qxa5 34. Bxa5 Bb3 35. Rf1 Na6 36. Nc6 Bg3 37. f4 Nc5 38. Nb1 Rh2 39. Bc3+ Kg8 40. Nd2 Rxh4 41. Nxb3 Nxb3+ 42. Ka2 Nc5 43. Rd1 Ne6 44. f5 Rxe4 45. fxe6 fxe6 46. Rd8+ Kf7 47. Rd7+ Kg8 48. Rg7+ 1-0

[Event "HUN-chT2 Maroczy 1213"]
[Site "Hungary"]
[Date "2013.03.03"]
[Round "8"]
[White "Pacal, Mihaly"]
[Black "Mozer, Sandor"]
[Result "1/2-1/2"]
[WhiteElo "2145"]
[BlackElo "2021"]
[PlyCount "57"]
[EventDate "2012.09.16"]
[EventType "team-tourn"]
[EventRounds "11"]
[EventCountry "HUN"]
[SourceTitle "EXT 2014"]
[Source "ChessBase"]
[SourceDate "2013.11.20"]
[SourceVersion "1"]
[SourceVersionDate "2013.11.20"]
[SourceQuality "1"]
[WhiteTeam "Roeszke"]
[BlackTeam "Kisvarda"]
[WhiteTeamCountry "HUN"]
[BlackTeamCountry "HUN"]

1. b3 d5 2. Bb2 e6 3. e3 Nf6 4. f4 Be7 5. Nf3 Nbd7 6. Be2 0-0 7. 0-0 c5 8. Qe1 b6 9. Qg3 a6 10. c4 g6 11. d3 Nh5 12. Qf2 f5 13. Nbd2 Bf6 14. Ne5 Ng7 15. Ndf3 Bb7 16. Rab1 Qc7 17. Rfd1 Rfd8 18. Bf1 Nb8 19. Rbc1 dxc4 20. bxc4 Nd7 21. d4 Bxf3 22. Qxf3 Nxe5 23. fxe5 Bg5 24. d5 Qb7 25. Rb1 Rd7 26. g3 Rad8 27. Kg2 exd5 28. cxd5 b5 29. d6 1/2-1/2

[Event "HUN-chT2 Barcza 0607"]
[Site "Hungary"]
[Date "2007.03.04"]
[Round "6"]
[White "Mozer, Sandor"]
[Black "Berebora, Ferenc"]
[Result "0-1"]
[WhiteElo "2008"]
[BlackElo "2373"]
[PlyCount "60"]
[EventDate "2006.11.12"]
[EventType "team"]
[EventRounds "11"]
[EventCountry "HUN"]
[SourceTitle "EXT 2008"]
[Source "ChessBase"]
[SourceDate "2007.11.25"]
[SourceVersion "1"]
[SourceVersionDate "2007.11.25"]
[SourceQuality "1"]
[WhiteTeam "Szabolcs Volan"]
[BlackTeam "Hajduboszormeny"]
[WhiteTeamCountry "HUN"]
[BlackTeamCountry "HUN"]

1. e4 c5 2. Nc3 Nc6 3. g3 g6 4. Bg2 Bg7 5. d3 d6 6. Be3 Rb8 7. f4 b5 8. Qd2 b4 9. Nd1 e6 10. c3 bxc3 11. bxc3 Nge7 12. Ne2 0-0 13. 0-0 Bd7 14. d4 cxd4 15. cxd4 Na5 16. Nec3 f5 17. e5 Nc4 18. Qd3 d5 19. Bc1 Qa5 20. Rf2 Rfc8 21. Rc2 Nc6 22. Nxd5 exd5 23. Bxd5+ Qxd5 24. Qxc4 Qxc4 25. Rxc4 Be6 26. Ra4 Rb4 27. Rxb4 Nxb4 28. Ne3 Bf8 29. Bd2 Nc2 30. Rc1 Nxd4 0-1

[Event "HUN-chT2 Barcza 0607"]
[Site "Hungary"]
[Date "2007.02.18"]
[Round "5"]
[White "Farkas, Lajos"]
[Black "Mozer, Sandor"]
[Result "0-1"]
[WhiteElo "2159"]
[BlackElo "2008"]
[PlyCount "96"]
[EventDate "2006.11.12"]
[EventType "team"]
[EventRounds "11"]
[EventCountry "HUN"]
[SourceTitle "EXT 2008"]
[Source "ChessBase"]
[SourceDate "2007.11.25"]
[SourceVersion "1"]
[SourceVersionDate "2007.11.25"]
[SourceQuality "1"]
[WhiteTeam "Debrecen Betu"]
[BlackTeam "Szabolcs Volan"]
[WhiteTeamCountry "HUN"]
[BlackTeamCountry "HUN"]

1. d4 d6 2. e4 g6 3. Bd3 Bg7 4. c3 Nd7 5. Ne2 e5 6. 0-0 Ne7 7. f4 exf4 8. Bxf4 0-0 9. Nd2 Nb6 10. Nf3 Bg4 11. Qe1 f5 12. Ng5 Qd7 13. h3 Bxe2 14. Qxe2 h6 15. Bc4+ d5 16. exd5 hxg5 17. Qxe7 Qxe7 18. d6+ Nxc4 19. dxe7 Rf7 20. Bxg5 Bf6 21. Bxf6 Rxf6 22. Rfe1 Re8 23. b3 Nb6 24. Re5 Kf7 25. Rae1 Nc8 26. Rc5 c6 27. d5 Rxe7 28. Rd1 Rd6 29. Kh2 Nb6 30. c4 cxd5 31. Ra5 Nc8 32. Rdxd5 Rxd5 33. Rxd5 b6 34. Rd8 Rc7 35. Kg3 Ne7 36. Kf4 Nc6 37. Ra8 Nb4 38. Kg5 Nxa2 39. Rh8 Kg7 40. Re8 Nc3 41. g4 Rf7 42. gxf5 gxf5 43. Kf4 Ne4 44. h4 Nc5 45. Re3 a5 46. Re2 Kf6 47. Rd2 Rd7 48. Rg2 Rd4+ 0-1

[Event "HUN-chT2 Barcza 0607"]
[Site "Hungary"]
[Date "2006.12.03"]
[Round "3"]
[White "Mozer, Sandor"]
[Black "Mate, Balazs"]
[Result "1/2-1/2"]
[WhiteElo "2008"]
[BlackElo "2167"]
[PlyCount "71"]
[EventDate "2006.11.12"]
[EventType "team"]
[EventRounds "11"]
[EventCountry "HUN"]
[SourceTitle "EXT 2008"]
[Source "ChessBase"]
[SourceDate "2007.11.25"]
[SourceVersion "1"]
[SourceVersionDate "2007.11.25"]
[SourceQuality "1"]
[WhiteTeam "Szabolcs Volan"]
[BlackTeam "Hajduszoboszlo"]
[WhiteTeamCountry "HUN"]
[BlackTeamCountry "HUN"]

1. e4 c5 2. Nc3 d6 3. g3 Nc6 4. Bg2 g6 5. d3 Bg7 6. Be3 e6 7. Qd2 Nd4 8. Nd1 Ne7 9. c3 Ndc6 10. Bh6 Bxh6 11. Qxh6 Ne5 12. Qd2 N5c6 13. f4 d5 14. e5 Nf5 15. Ne3 Nxe3 16. Qxe3 Qa5 17. Ne2 Bd7 18. 0-0 Qb6 19. Qd2 a5 20. d4 cxd4 21. Nxd4 Nxd4 22. cxd4 Qb4 23. Rf2 Qxd2 24. Rxd2 Rc8 25. Bf1 Ke7 26. Bd3 Rc7 27. Kf2 Rhc8 28. Re1 Ba4 29. Ree2 Rc1 30. b3 Bc6 31. Rc2 Rxc2 32. Rxc2 Kd7 33. Ke3 h6 34. h4 Rg8 35. Rh2 b6 36. g4 1/2-1/2

[Event "HUN-chT2 Barcza 0506"]
[Site "Hungary"]
[Date "2005.11.13"]
[Round "3"]
[White "Bakos, Levente"]
[Black "Mozer, Sandor"]
[Result "1-0"]
[WhiteElo "1973"]
[BlackElo "2030"]
[PlyCount "45"]
[EventDate "2005.10.16"]
[EventType "team"]
[EventRounds "11"]
[EventCountry "HUN"]
[SourceTitle "EXT 2009"]
[Source "ChessBase"]
[SourceDate "2008.11.26"]
[SourceVersion "1"]
[SourceVersionDate "2008.11.26"]
[SourceQuality "1"]
[WhiteTeam "Mezokovesd"]
[BlackTeam "Szabolcs Volan"]
[WhiteTeamCountry "HUN"]
[BlackTeamCountry "HUN"]

1. e4 c5 2. Nf3 d6 3. d4 cxd4 4. Nxd4 Nf6 5. Nc3 a6 6. Bg5 e6 7. f4 Be7 8. Qf3 Qc7 9. 0-0-0 Nbd7 10. g4 b5 11. Bxf6 gxf6 12. f5 Nb6 13. fxe6 fxe6 14. g5 0-0 15. g6 hxg6 16. Rg1 Kf7 17. Rxg6 Kxg6 18. Qg4+ Kf7 19. Qh5+ Kg8 20. Qg6+ Kh8 21. Rd3 e5 22. Qh6+ Kg8 23. Rg3+ 1-0

[Event "HUN-chT2 Barcza 0405"]
[Site "Hungary"]
[Date "2004.12.05"]
[Round "4"]
[White "Mozer, Sandor"]
[Black "Rab, Janos"]
[Result "1-0"]
[WhiteElo "2020"]
[BlackElo "1883"]
[PlyCount "79"]
[EventDate "2004.09.26"]
[EventType "team"]
[EventRounds "11"]
[EventCountry "HUN"]
[SourceTitle "EXT 2009"]
[Source "ChessBase"]
[SourceDate "2008.11.26"]
[SourceVersion "1"]
[SourceVersionDate "2008.11.26"]
[SourceQuality "1"]
[WhiteTeam "Szabolcs Volan"]
[BlackTeam "Karcag"]
[WhiteTeamCountry "HUN"]
[BlackTeamCountry "HUN"]

1. e4 c5 2. Nc3 Nc6 3. g3 Nf6 4. Bg2 d6 5. d3 e5 6. h3 Be7 7. Be3 Be6 8. f4 a6 9. Nge2 Nd4 10. 0-0 0-0 11. f5 Bd7 12. g4 h6 13. Qd2 Nh7 14. Ng3 Bg5 15. Rae1 Bc6 16. Nd1 Bxe3+ 17. Nxe3 Qh4 18. Kh2 Ng5 19. c3 Qxh3+ 20. Bxh3 Ndf3+ 21. Kg2 Nxd2 22. Rf2 Ndxe4 23. dxe4 Nxe4 24. Nxe4 Bxe4+ 25. Kg3 Bd3 26. Rd2 e4 27. Bf1 Bxf1 28. Rxf1 Rad8 29. Rfd1 b5 30. Rxd6 Rxd6 31. Rxd6 a5 32. Kf4 b4 33. c4 a4 34. Rc6 a3 35. b3 g5+ 36. Kxe4 Kg7 37. Rxc5 h5 38. f6+ Kg6 39. gxh5+ Kxh5 40. Kf5 1-0

[Event "HUN-chT2 Barcza 0304"]
[Site "Hungary"]
[Date "2004.04.18"]
[Round "11"]
[White "Merenyi, Gabor"]
[Black "Mozer, Sandor"]
[Result "1-0"]
[WhiteElo "2081"]
[BlackElo "2026"]
[PlyCount "89"]
[EventDate "2003.08.29"]
[EventType "team"]
[EventRounds "11"]
[EventCountry "HUN"]
[SourceTitle "EXT 2009"]
[Source "ChessBase"]
[SourceDate "2008.11.26"]
[SourceVersion "1"]
[SourceVersionDate "2008.11.26"]
[SourceQuality "1"]
[WhiteTeam "Kazincbarcika"]
[BlackTeam "Szabolcs Volan"]
[WhiteTeamCountry "HUN"]
[BlackTeamCountry "HUN"]

1. e4 c5 2. Nf3 d6 3. d4 cxd4 4. Nxd4 Nf6 5. f3 Nc6 6. c4 Qb6 7. Nc2 e6 8. Nc3 a6 9. b3 Be7 10. Be3 Qa5 11. Qd2 0-0 12. Be2 Rd8 13. Rd1 Bd7 14. Na4 Qxd2+ 15. Rxd2 Be8 16. Kf2 Ne5 17. Nb6 Rab8 18. Rhd1 Bc6 19. Kf1 Ned7 20. a4 Nc5 21. e5 Nxb3 22. Rd3 Nc5 23. Bxc5 dxc5 24. exf6 Bxf6 25. Nd7 Bxd7 26. Rxd7 Kf8 27. f4 Ke8 28. Rxd8+ Rxd8 29. Rxd8+ Bxd8 30. Kf2 Kd7 31. g4 Ba5 32. Ke3 f6 33. h4 b6 34. Kd3 h6 35. Bf3 Kc7 36. Be4 Kc8 37. h5 Kc7 38. f5 e5 39. Ne3 Kc8 40. Nd5 Kd7 41. g5 fxg5 42. f6 Ke6 43. Bf5+ Kf7 44. Bg6+ Kf8 45. f7 1-0

[Event "HUN-chT2 Barcza 0304"]
[Site "Hungary"]
[Date "2004.04.04"]
[Round "10"]
[White "Papp, Abel"]
[Black "Mozer, Sandor"]
[Result "1/2-1/2"]
[WhiteElo "1946"]
[BlackElo "2026"]
[PlyCount "22"]
[EventDate "2003.08.29"]
[EventType "team"]
[EventRounds "11"]
[EventCountry "HUN"]
[SourceTitle "EXT 2009"]
[Source "ChessBase"]
[SourceDate "2008.11.26"]
[SourceVersion "1"]
[SourceVersionDate "2008.11.26"]
[SourceQuality "1"]
[WhiteTeam "Miskolc EMSE"]
[BlackTeam "Szabolcs Volan"]
[WhiteTeamCountry "HUN"]
[BlackTeamCountry "HUN"]

1. e4 c5 2. Nf3 d6 3. Bb5+ Bd7 4. Bxd7+ Nxd7 5. 0-0 Ngf6 6. d3 e6 7. Qe2 Qc7 8. Nc3 a6 9. Bg5 Be7 10. Rae1 0-0 11. Kh1 b5 1/2-1/2

[Event "HUN-chT2 Barcza 0304"]
[Site "Hungary"]
[Date "2004.03.21"]
[Round "9"]
[White "Mozer, Sandor"]
[Black "Hanko, Andras"]
[Result "1-0"]
[WhiteElo "2026"]
[BlackElo "1693"]
[PlyCount "101"]
[EventDate "2003.08.29"]
[EventType "team"]
[EventRounds "11"]
[EventCountry "HUN"]
[SourceTitle "EXT 2009"]
[Source "ChessBase"]
[SourceDate "2008.11.26"]
[SourceVersion "1"]
[SourceVersionDate "2008.11.26"]
[SourceQuality "1"]
[WhiteTeam "Szabolcs Volan"]
[BlackTeam "Tiszavasvar"]
[WhiteTeamCountry "HUN"]
[BlackTeamCountry "HUN"]

1. e4 c5 2. Nf3 d6 3. d4 cxd4 4. Nxd4 a6 5. c4 Qc7 6. Nc3 e6 7. Be3 Nc6 8. Be2 Nf6 9. 0-0 g6 10. Qd2 Bg7 11. Rad1 Ne5 12. b3 0-0 13. h3 Rd8 14. f4 Nc6 15. Bf3 e5 16. Nxc6 bxc6 17. fxe5 Ne8 18. exd6 Qxd6 19. Qc2 Qc7 20. Rxd8 Qxd8 21. Rd1 Qc7 22. Bd4 Bb7 23. Bxg7 Kxg7 24. Qd2 Nf6 25. Qd4 c5 26. Qd3 Qe5 27. Nd5 Rd8 28. Qe3 Bxd5 29. cxd5 Nd7 30. Qd3 Qd6 31. Qc3+ Ne5 32. Be2 Ra8 33. Rc1 Rc8 34. Bxa6 Ra8 35. Bf1 Rxa2 36. Qxc5 Qf6 37. Qe3 h5 38. b4 g5 39. Be2 g4 40. hxg4 hxg4 41. g3 Qg6 42. Rf1 Qh5 43. Rf2 Ra1+ 44. Rf1 Ra2 45. Rf2 f6 46. Qf4 Ra1+ 47. Rf1 Ra2 48. Qxf6+ Kh7 49. Qe7+ Kh6 50. Rf6+ Ng6 51. Qf8+ 1-0

[Event "HUN-chT2 Barcza 0203"]
[Site "Hungary"]
[Date "2002.10.13"]
[Round "2"]
[White "Mozer, Sandor"]
[Black "Kiss, Antal"]
[Result "1-0"]
[WhiteElo "2009"]
[BlackElo "1737"]
[PlyCount "105"]
[EventDate "2002.09.22"]
[EventType "team"]
[EventRounds "11"]
[EventCountry "HUN"]
[SourceTitle "EXT 2009"]
[Source "ChessBase"]
[SourceDate "2008.11.26"]
[SourceVersion "1"]
[SourceVersionDate "2008.11.26"]
[SourceQuality "1"]

1. e4 c5 2. Nf3 d6 3. d4 cxd4 4. Nxd4 Nf6 5. Nc3 g6 6. Be2 Bg7 7. Be3 0-0 8. Qd2 Nc6 9. 0-0-0 Ng4 10. Bxg4 Bxg4 11. f3 Be6 12. Nxe6 fxe6 13. Bh6 Rc8 14. Bxg7 Kxg7 15. Qe3 e5 16. Rd2 a6 17. Kb1 Na5 18. b3 Nc6 19. Nd5 Qa5 20. c3 b5 21. Nb6 Rc7 22. b4 Qa3 23. Nd5 Rcc8 24. Rb2 Na5 25. bxa5 e6 26. Rb3 Qxa5 27. Nb4 Ra8 28. Rd1 Qc7 29. Nc2 Rfc8 30. Qd3 Rd8 31. Ne3 Qc5 32. Qd2 Rab8 33. Nc2 a5 34. Qe3 Qc7 35. Na3 b4 36. cxb4 axb4 37. Nc2 Qc4 38. Qd3 Qc5 39. Qd2 d5 40. Qe3 d4 41. Qd2 Rdc8 42. Nxb4 Qa5 43. Nd3 Rxb3+ 44. axb3 Rc3 45. Qb2 Qb5 46. Nc1 h6 47. Rd2 g5 48. Rc2 Re3 49. Qa3 Kg6 50. Qa4 Qf1 51. Qc4 d3 52. Qxe6+ Kh5 53. g4+ 1-0